000 00496nam a2200193Ia 4500
008 240510s9999 xx 000 0 und d
020 _a0000412749505
041 _aEng
082 _a658.4038
082 _bB16
100 _aBARNATT C.
245 0 _aMANAGEMENT STRATEGY AND INFORMATION TECHNOLOGY: TEXT AND READING
260 _bLONDON : INTERNATIONAL THOMSON BUSINESS PRESS
260 _c1996
300 _a224 p.
650 _aINFORMATION TECHNOLOGY
942 _2ddc
942 _cRBK
999 _c25329
_d25329
945 _a1
_bMadushi Gamage
_c1
_dMadushi Gamage